000 00516nam a2200169 i 4500
001 20391
003 ES-MaACL
005 20230906152308.0
007 t|
008 021112s1958 sp ||||1| spa d
100 1 _aAguilera, Emiliano M.
_918758
245 1 0 _aGeografía gráfica de España /
_cEmiliano M. Aguilera.
260 _aBarcelona :
_bHymsa,
_c[1958] (
_fSdad. Gral. de Publicaciones)
300 _a595 p., 8 lám. :
_bil. ;
_c24 cm.
651 4 _aEspaña-
_xGeografía.
_98200
852 _aES-MaACL
_jF-3078
999 _c20391
_d20391